000 00733nam a22002297a 4500
003 DO-SdBNP
005 20220330140524.0
007 ta
008 210817e2014 dr a|||gr|||| 001 0 eng d
040 _aDO-SdBNP
_bspa
_cBNPHU
041 _heng
082 4 _222
_bB561p
245 0 0 _aBest practices manual for caribben acropora restoration. /
_cCoordinador, Victor M. Galvan
260 _a[Santo Domingo] :
_bPunta Cana Ecological Foundation,
_c2014
300 _a55 p. :
_bil. ;
_c28 cm.
590 _aInventariado 2021/ MF
650 4 _970324
_aFauna Marina
_vAcropora
_zRepública Dominicana
650 4 _921579
_aRestauración Acropora
_xMnuales
700 1 _aGalvan, Victor
_ecoord.
_981390
910 _aMFeliz
942 _2ddc
_cLBS1
999 _c50209
_d50209